Summa Theologica
Spremljeno u:
| Glavni autor: | |
|---|---|
| Format: | Knjiga |
| Jezik: | latinski |
| Izdano: |
Roma
Forzani et S
1894
|
| Izdanje: | 1a. ed |
| Teme: | |
| Oznake: |
Dodaj oznaku
Bez oznaka, Budi prvi tko označuje ovaj zapis!
|
MARC
| LEADER | 00000cam a2200000 a 4500 | ||
|---|---|---|---|
| 001 | UCD3531 | ||
| 003 | CL-VaPUC | ||
| 008 | 160609e18940000it |||||||||||||||||lat|d | ||
| 082 | 0 | 4 | |a 189.4 |b TOM |2 21 |
| 100 | |a Tomás de Aquino |d 1220-1274 |c Santo |e author |9 255832 | ||
| 245 | 1 | 0 | |a Summa Theologica |
| 250 | |a 1a. ed | ||
| 300 | |a v | ||
| 942 | |c BK | ||
| 945 | |d 20160609 22:21:00 |a dcastane | ||
| 260 | |a Roma |b Forzani et S |c 1894 | ||
| 650 | 0 | |a Escolasticismo |9 264998 | |
| 650 | 0 | |a Tomismo |9 259214 | |
| 650 | 7 | |a DOCTRINAS RELIGIOSAS |2 CL-VaPUC |9 337177 | |
| 583 | |a last modification |c 20160609 22:21:00 |k Rodrigo Vera | ||
| 999 | |c 364567 |d 364565 | ||
| 952 | |0 0 |1 0 |3 erd |4 0 |6 189_400000000000000_TOM_1894 |7 0 |8 X |9 477965 |a BIBTEO |b BIBTEO |c TEO_FFR |h v.1 |i 5237432 |o 189.4 TOM 1894 |p 5237432 |r 2024-01-18 |w 2019-11-24 |y BK_X |z Catalogado en:20160609 |k OFM | ||
| 952 | |0 0 |1 0 |3 erd |4 0 |6 189_400000000000000_TOM_1894 |7 0 |8 X |9 477966 |a BIBTEO |b BIBTEO |c TEO_FFR |h v.2 |i 5237440 |o 189.4 TOM 1894 |p 5237440 |r 2024-01-18 |w 2019-11-24 |y BK_X |z Catalogado en:20160609 |k OFM | ||
| 952 | |0 0 |1 0 |3 erd |4 0 |6 189_400000000000000_TOM_1894 |7 0 |8 X |9 477967 |a BIBTEO |b BIBTEO |c TEO_FFR |h v.3 |i 5237459 |o 189.4 TOM 1894 |p 5237459 |r 2024-01-18 |w 2019-11-24 |y BK_X |z Catalogado en:20160609 |k OFM | ||
| 952 | |0 0 |1 0 |3 erd |4 0 |6 189_400000000000000_TOM_1894 |7 0 |8 X |9 477968 |a BIBTEO |b BIBTEO |c TEO_FFR |h v.4 |i 5237467 |o 189.4 TOM 1894 |p 5237467 |r 2024-01-18 |w 2019-11-24 |y BK_X |z Catalogado en:20160609 |k OFM | ||
| 952 | |0 0 |1 0 |3 erd |4 0 |6 189_400000000000000_TOM_1894 |7 0 |8 X |9 477969 |a BIBTEO |b BIBTEO |c TEO_FFR |h v.5 |i 5237475 |o 189.4 TOM 1894 |p 5237475 |r 2024-01-18 |w 2019-11-24 |y BK_X |z Catalogado en:20160609 |k OFM | ||
| 952 | |0 0 |1 0 |3 erd |4 0 |6 189_400000000000000_TOM_1894 |7 0 |8 X |9 477970 |a BIBTEO |b BIBTEO |c TEO_FFR |h v.6 |i 5237483 |o 189.4 TOM 1894 |p 5237483 |r 2024-01-18 |w 2019-11-24 |y BK_X |z Catalogado en:20160609 |k OFM | ||